Photodetection and measurement : maximizing performance in optical systems
This book provides a practical "rules of thumb" approach to making accurate optical measurements with equipment commonly found in labs and companies. Considers the full chain of equipment: photodetectors, amplifiers, LED sources, electronic drives, basic optics, interference screens, and d...
Uloženo v:
| Hlavní autor: | |
|---|---|
| Médium: | Kniha |
| Jazyk: | Undetermined |
| Vydáno: |
New York
McGraw-Hill
2003
|
| Témata: | |
| Tagy: |
Přidat tag
Žádné tagy, Buďte první, kdo otaguje tento záznam!
|
| Thư viện lưu trữ: | Trung tâm Học liệu Trường Đại học Cần Thơ |
|---|
| LEADER | 01121nam a2200229Ia 4500 | ||
|---|---|---|---|
| 001 | CTU_65934 | ||
| 008 | 210402s9999 xx 000 0 und d | ||
| 020 | |c 1189000 | ||
| 082 | |a 621.36 | ||
| 082 | |b J68 | ||
| 100 | |a Johnson, Mark | ||
| 245 | 0 | |a Photodetection and measurement : | |
| 245 | 0 | |b maximizing performance in optical systems | |
| 245 | 0 | |c Mark Johnson | |
| 260 | |a New York | ||
| 260 | |b McGraw-Hill | ||
| 260 | |c 2003 | ||
| 520 | |a This book provides a practical "rules of thumb" approach to making accurate optical measurements with equipment commonly found in labs and companies. Considers the full chain of equipment: photodetectors, amplifiers, LED sources, electronic drives, basic optics, interference screens, and data acquisition systems How to make use of the simplest detector in every situation Noise reduction techniques Building in stability | ||
| 650 | |a Optical detectors,Optoelectronic devices,Light,Ánh sáng,Máy dò quang,Thiết bị quang điện | ||
| 650 | |x Measurement,Phép đo | ||
| 910 | |a Huỳnh Mai | ||
| 980 | |a Trung tâm Học liệu Trường Đại học Cần Thơ | ||